Library of the University of Algiers 3
Ibrahim Sultan Cheibout
شعار جامعة الجزائر 3
مكتبة جامعة الجزائر 3
إبراهيم سلطان شيبوط

العولمة وحقيقتها / (رقم التسجيلة. 46057)

تفاصيل مارك
000 -LEADER
fixed length control field 00974nam a2200217Ia 4500
003 - CONTROL NUMBER IDENTIFIER
control field Ost
005 - DATE AND TIME OF LATEST TRANSACTION
control field 20260507075733.0
008 - FIXED-LENGTH DATA ELEMENTS--GENERAL INFORMATION
fixed length control field 260507s9999||||xx |||||||||||||| ||und||
020 ## - INTERNATIONAL STANDARD BOOK NUMBER
International Standard Book Number 998102452x
040 ## - CATALOGING SOURCE
Transcribing agency fsecg
041 ## - LANGUAGE CODE
Language code of text/sound track or separate title ara
082 ## - DEWEY DECIMAL CLASSIFICATION NUMBER
Classification number 303.484
100 ## - MAIN ENTRY--PERSONAL NAME
Personal name دولفوس، أوليفيي
Relator term مؤلف
245 #0 - TITLE STATEMENT
Title العولمة وحقيقتها /
Statement of responsibility, etc. أوليفيي دولفوس
260 ## - PUBLICATION, DISTRIBUTION, ETC.
Place of publication, distribution, etc. الدار البيضاء:
Name of publisher, distributor, etc. دار الثقافة,
Date of publication, distribution, etc. 2003
300 ## - PHYSICAL DESCRIPTION
Extent 199 صفحة؛
Dimensions 21 سم
520 ## - SUMMARY, ETC.
Summary, etc. وجهات نظر،وجهاة منهاة،العالم في أماكنه،استمرارية الأماكن وتغير المعنى،مسافات وموضعات،مجالات كبية ومستويات أكبر،الفواعل في مجالات العولمة،من أجل فهم العولمة،من المحلية إلى الجهوية
653 ## - INDEX TERM--UNCONTROLLED
Uncontrolled term العولمة
700 ## - ADDED ENTRY--PERSONAL NAME
Personal name حزل، عبد الرحيم
Relator term مؤلف ثانوي
942 ## - ADDED ENTRY ELEMENTS (KOHA)
Koha item type كتب
المقتنيات
Withdrawn status Lost status Source of classification or shelving scheme Damaged status Not for loan Home library Current library Date acquired Serial enumeration / chronology Inventory number Total checkouts Full call number Barcode Date last seen Price effective from Koha item type
    Library of Congress Classification   NOT LOAN / إعارة داخلية مكتبة كلية العلوم الإقتصادية والعلوم التجارية وعلوم التسيير مكتبة كلية العلوم الإقتصادية والعلوم التجارية وعلوم التسيير 07/05/2026 الطابق الأرضي 1204/1   أ/1204ن1 1204/1 07/05/2026 07/05/2026 كتب
    Dewey Decimal Classification   Available مكتبة كلية العلوم الإقتصادية والعلوم التجارية وعلوم التسيير مكتبة كلية العلوم الإقتصادية والعلوم التجارية وعلوم التسيير 07/05/2026 الطابق الأرضي 1204/2   أ/1204ن2 1204/2 07/05/2026 07/05/2026 كتب
    Dewey Decimal Classification   Available مكتبة كلية العلوم الإقتصادية والعلوم التجارية وعلوم التسيير مكتبة كلية العلوم الإقتصادية والعلوم التجارية وعلوم التسيير 07/05/2026 الطابق الثاني 1204/3   أ/1204ن3 1204/3 07/05/2026 07/05/2026 كتب

موارد الويب المفتوحة


© University of Algiers 3 All Rights Reserved
|
Implemented by LECHELAH Riad